| 000 | 04722nam a2200517 a 4500 | ||
|---|---|---|---|
| 005 | 20070413143100.0 | ||
| 008 | 061214s2006 nyuacf 000 0deng | ||
| 010 | _aB-269650-669, B-284187 | ||
| 020 |
_a9780099493570 _c£ 2.90 (243.60) 258.10 |
||
| 035 | _aB-269650-669, B-284187 | ||
| 040 |
_adpl _bEnglish |
||
| 082 | _a347.7312 | ||
| 100 | _aGrisham, John | ||
| 245 |
_aThe innocent man : _bmurder and injustice in a small town / _cby John Grisham. |
||
| 260 |
_aLondon _bArrow Books _c2006 |
||
| 300 |
_a501p. _c18cm (pbk) |
||
| 500 | _a"This leatherbound, slipcased edition of The innocent man is limited to 250 copies, numbered and signed by the author"--Page before half title page. | ||
| 500 | _aLC copy has inscription of author in blue ink and is numbered 196 in black ink. | ||
| 600 |
_aWilliamson, Ronald Keith, _d1953-2004 _vTrials, litigation, etc. |
||
| 650 |
_aTrials (Murder) _zOklahoma. |
||
| 650 |
_aJudicial error _zOklahoma. |
||
| 650 |
_aCapital punishment _zOklahoma. |
||
| 942 |
_2ddc _cEN _mGRI _h347.7312 |
||
| 999 |
_c16122 _d16122 |
||